| 000 | 00888nam a22002177a 4500 | ||
|---|---|---|---|
| 005 | 20250520130611.0 | ||
| 008 | 250520b |||||||| |||| 00| 0 eng d | ||
| 020 | _a978-81-208-750-9 (pbk) | ||
| 037 | _cTB | ||
| 040 |
_aBL _cBL |
||
| 041 |
_2hin _ahin |
||
| 084 |
_aG:55 152Q0 _qBL |
||
| 100 |
_aत्रिपाठी, दयाशंकर _9808976 |
||
| 245 | _aपर्यावरण अध्ययन | ||
| 260 |
_aदिल्ली, भारत: _bमोतीलाल बनारसीदास, _c2010. |
||
| 300 | _a329पृ0 | ||
| 365 |
_b260.00 _cINR |
||
| 650 | _2पर्यावरण | ||
| 942 |
_2CC _cTB _hG:55 152Q0 _n0 |
||
| 999 |
_c1428885 _d1428885 |
||